Szczegóły MARC21

Rozwój osobisty : efektywne zarządzanie sobą /

003 -Nazwa inst., której nr kontr. jest w polu 001 [,]
    • @
    • Nazwa instytucji, której n kontrolny jest w polu 001
    • NUKAT
005 -DATA I CZAS OSTATNIEJ MODYFIKACJI [,]
    • @
    • pole kontrolne
    • 20241231115124.0
020 -Międzynarod. znormalizowany nr książki - ISBN [ , ]
    • a
    • Numer ISBN
    • 9788367586986 Find
    • q
    • Dopowiedzenie
    • oprawa miękka
040 -Instytucja sporządzająca opis [ , ]
    • a
    • Instytucja, która sporządziła opis (NP)
    • KR 197/JM
    • b
    • Język katalogowania
    • pol
    • e
    • Zasady katalogowania
    • rda
    • c
    • Instytucja, która sporządziła rekord (NP)
    • KR 197/JM
    • d
    • Instytucja, która zmodyfikowała rekord (P)
    • KR 197/JM
    • d
    • Instytucja, która zmodyfikowała rekord (P)
    • GL 001/ERs
    • d
    • Instytucja, która zmodyfikowała rekord (P)
    • KAT U/JPs
942 -Rodzaj dokumentu [ , ]
    • c
    • Rodzaj dokumentu
    • Książka
100 -Hasło główne - nazwa osobowa [1, ]
    • a
    • Nazwa osobowa (NP)
    • Łukasik, Joanna Małgorzata.
    • e
    • Rodzaj współpracy
    • Autor
    • 9
    • KHW
    • 61490
245 -Strefa tytułu i oznaczenia odpowiedzialności [1,0]
    • a
    • Tytuł
    • Rozwój osobisty : Find
    • b
    • Ciąg dalszy tytułu (NP)
    • efektywne zarządzanie sobą / Find
    • c
    • Pozostałe elementy strefy tytułu i oznaczenia odpowiedzialności (NP)
    • Joanna Małgorzata Łukasik, Chrystian Firlej.
250 -Strefa wydania [ , ]
    • a
    • Oznaczenie wydania (NP)
    • Wydanie I.
260 -Strefa adresu wydawniczego [ , ]
    • a
    • Miejsce wydania (P)
    • Kielce :
    • b
    • Nazwa wydawcy (P)
    • Scriptum,
    • c
    • Data wydania (P)
    • 2024.
300 -Strefa opisu fizycznego [ , ]
    • a
    • Określenie formy książki i/lub objętość (NP)
    • 148 stron :
    • b
    • Oznaczenie ilustracji (NP)
    • ilustracje ;
    • c
    • Format (NP)
    • 21 cm.
336 -Typ zawartości [ , ]
    • a
    • Termin opisujący typ zawartości
    • Tekst
    • b
    • Kod określający zawartość
    • txt
    • 2
    • Źródło (terminu i kodu)
    • rdacontent
337 -Typ mediów [ , ]
    • a
    • Tryb odtwarzania
    • Bez urządzenia pośredniczącego
    • b
    • Kod typu mediów
    • n
    • 2
    • Źródło (terminu i kodu)
    • rdamedia
338 -Typ/rodzaj nośnika [ , ]
    • a
    • Hasło opisujące typ nośnika
    • Wolumin
    • b
    • Kod typu nośnika
    • nc
    • 2
    • Źródło (terminu i kodu)
    • rdacarrier
380 -Deskryptor - Forma dzieła (P) [ , ]
    • a
    • forma dzieła (NP)
    • Książki
388 -Deskryptor - czas powstania dzieła (P) [1, ]
    • a
    • Czas powstania dzieła (NP)
    • 2001-
504 -Uwaga dot. bibliogr. załącznikowej [ , ]
    • a
    • Uwaga dot. bibliografii załącznikowej
    • Bibliografia na stronach 145-148.
650 -Hasło przedmiotowe [ ,7]
    • a
    • Hasło przedmiotowe
    • Samorozwój
    • v
    • Określnik formalny
    • zadania i ćwiczenia.
    • 2
    • Źródło terminu
    • kaba
    • 9
    • KHW
    • 418960
650 -Hasło przedmiotowe [ ,7]
    • a
    • Hasło przedmiotowe
    • Samopoznanie
    • v
    • Określnik formalny
    • zadania i ćwiczenia.
    • 2
    • Źródło terminu
    • kaba
    • 9
    • KHW
    • 430148
650 -Hasło przedmiotowe [ ,7]
    • a
    • Hasło przedmiotowe
    • Samopoznanie
    • 2
    • Źródło terminu
    • DBN
    • 9
    • KHW
    • 722732
650 -Hasło przedmiotowe [ ,7]
    • a
    • Hasło przedmiotowe
    • Rozwój osobisty
    • 2
    • Źródło terminu
    • DBN
    • 9
    • KHW
    • 722366
655 -Hasło w funkcji tematu formalnego [ ,7]
    • a
    • Hasło
    • Ćwiczenia i zadania
    • 2
    • Źródło terminu
    • DBN
    • 9
    • KHW
    • 720930
655 -Hasło w funkcji tematu formalnego [ ,7]
    • a
    • Hasło
    • Podręcznik
    • 2
    • Źródło terminu
    • DBN
    • 9
    • KHW
    • 720960
658 -Ujęcie treści [ , ]
    • a
    • dziedzina nauki i sztuki/ sfera aktywności życiowej
    • Psychologia
700 -Hasło dodatkowe - nazwa osobowa [1, ]
    • a
    • Nazwa osobowa (NP)
    • Firlej, Chrystian. Find
    • e
    • Określenie rodzaju współpracy
    • Autor
    • 9
    • KHW
    • 722543
710 -Hasło dodatkowe - nazwa ciała zbiorowego [2, ]
    • a
    • Nazwa ciała zbiorowego lub nazwa geograficzna jako pierwszy element (NP)
    • Oficyna Wydawniczo-Reklamowa SCRIPTUM.
    • e
    • Rodzaj współpracy
    • Wydawca
    • 4
    • Kod relacji
    • pbl
    • 9
    • KHW
    • 63500
920 -ISBN [ , ]
    • a
    • ISBN
    • 978-83-67-586-98-6 Find
    • q
    • Dopowiedzenie
    • oprawa miękka
Lokalizacja Data inwentaryzacji Status udost. Numer inwentarzowy
BE2025-03-27-2E.81512